Az antiszemitizmus, a rasszizmus és a média

Elmentve itt :
Bibliográfiai részletek
Szerző: Gyarmati Anikó
További közreműködők: Rózsa Péter (Témavezető)
Dokumentumtípus: Szakdolgozat
Megjelent: 2002
Tárgyszavak:
Online Access:http://diploma.bibl.u-szeged.hu/37922
LEADER 00548nta a2200157 i 4500
001 dipl37922
005 20130408111035.0
008 130408s2002 hu om 0|| hun d
040 |a SZTE Diploma Repozitórium  |b hun 
041 |a hun 
100 1 |a Gyarmati Anikó 
245 1 3 |a Az antiszemitizmus, a rasszizmus és a média  |h [elektronikus dokumentum] /  |c Anikó Gyarmati 
260 |c 2002 
650 4 |a Bölcsészettudományok 
700 1 |a Rózsa Péter  |e ths 
856 4 0 |u http://diploma.bibl.u-szeged.hu/id/eprint/37922/1/2002_gyarmati_aniko_2.pdf  |z Dokumentum-elérés